[Event "División de Honor Aragonesa 2019"]
[Site "?"]
[Date "2019.02.02"]
[Round "2.10"]
[White "Remiro Juste, Fernando Jose"]
[Black "Castillo Sanjuan, Alejandro"]
[Result "1/2-1/2"]
[WhiteElo "2191"]
[BlackElo "2079"]
[PlyCount "67"]
[EventDate "2019.??.??"]
[EventType "team-tourn"]
[EventCountry "ESP"]
[WhiteTeam "Agrupacion"]
[BlackTeam "Palacio de Pioneros B"]

1. d4 Nf6 2. c4 g6 3. Nc3 Bg7 4. e4 d6 5. h3 O-O 6. Be3 Na6 7. Bd3 c5 8. d5 Bd7
9. Nf3 Rb8 10. O-O Nc7 11. Qe2 a6 12. e5 Nfe8 13. a4 b5 14. axb5 axb5 15. cxb5
Qc8 16. Bf4 Qb7 17. Ra4 Nxd5 18. Nxd5 Qxd5 19. Bc4 Qb7 20. Rfa1 d5 21. Ra7 Qc8
22. e6 Bxe6 23. Bxb8 Qxb8 24. Ng5 Nc7 25. Nxe6 fxe6 26. Rxc7 Qxc7 27. Qxe6+ Kh8
28. Bxd5 Bd4 29. Ra8 Rxa8 30. Bxa8 Qf4 31. Qe2 Qc1+ 32. Kh2 Qxb2 33. Qxb2 Bxb2
34. Bd5 1/2-1/2

[Event "División de Honor Aragonesa 2019"]
[Site "?"]
[Date "2019.02.02"]
[Round "2.11"]
[White "Colom Sienes, Eduardo"]
[Black "Mimbela Lopez, Miguel A"]
[Result "1-0"]
[WhiteElo "2047"]
[BlackElo "2128"]
[PlyCount "39"]
[EventDate "2019.??.??"]
[EventType "team-tourn"]
[EventCountry "ESP"]
[WhiteTeam "Palacio de Pioneros B"]
[BlackTeam "Agrupacion"]

1. a3 e5 2. e3 d6 3. d4 Nd7 4. Nf3 Be7 5. b3 e4 6. Nfd2 Ngf6 7. f3 d5 8. fxe4
Nxe4 9. c4 O-O 10. cxd5 Ndf6 11. Bd3 Qxd5 12. O-O Nxd2 13. Nxd2 Bg4 14. Qc2 Bd6
15. h3 Bh5 16. Bb2 Qg5 17. e4 Qe3+ 18. Kh1 Bf4 19. Nf3 Bg3 20. Bc1 1-0

[Event "División de Honor Aragonesa 2019"]
[Site "?"]
[Date "2019.02.02"]
[Round "2.12"]
[White "Moreno Martin-Viveros, Alvaro"]
[Black "Gomez Salinas, Nestor"]
[Result "1/2-1/2"]
[WhiteElo "2082"]
[BlackElo "1999"]
[PlyCount "134"]
[EventDate "2019.??.??"]
[EventType "team-tourn"]
[EventCountry "ESP"]
[WhiteTeam "Agrupacion"]
[BlackTeam "Palacio de Pioneros B"]

1. e4 c5 2. Nf3 d6 3. Nc3 Nf6 4. e5 dxe5 5. Nxe5 e6 6. Bb5+ Nbd7 7. d4 a6 8.
Bxd7+ Bxd7 9. Bg5 Qc7 10. O-O Bd6 11. Bxf6 gxf6 12. Nxd7 Qxd7 13. Ne4 Qc7 14.
Qh5 f5 15. Nf6+ Kf8 16. dxc5 Be5 17. Qh4 Qd8 18. Qh6+ Ke7 19. Nh5 Rg8 20. Ng3
Rg6 21. Qh4+ Bf6 22. Qb4 Qc7 23. Rae1 Kf8 24. c6+ Kg8 25. Qxb7 Qxb7 26. cxb7
Rb8 27. b3 Rxb7 28. Rd1 Be7 29. Rd3 f4 30. Ne4 f5 31. Nd6 Rd7 32. Nxf5 Rc7 33.
Nxe7+ Rxe7 34. f3 e5 35. Re1 Ree6 36. Rd7 h5 37. Rd5 Rg5 38. h4 Rf5 39. Re4 Kf7
40. Ra5 Ke7 41. c4 Kd7 42. b4 Kc7 43. Rc5+ Kb6 44. a4 Rd6 45. a5+ Kb7 46. Rexe5
Rd1+ 47. Kh2 Rf8 48. Rxh5 Re8 49. Rh7+ Ka8 50. Rf5 Rd4 51. b5 Rxc4 52. b6 Rg8
53. Ra7+ Kb8 54. Rg5 Rh8 55. Kh3 Rc1 56. Kg4 Rg1 57. Kxf4 Rxh4+ 58. g4 Rh8 59.
Rf5 Ra1 60. Rxa6 Re8 61. Ra7 Ra4+ 62. Kg3 Ra1 63. a6 Rb1 64. Rb7+ Ka8 65. Rff7
Rg1+ 66. Kf4 Rxg4+ 67. Kf5 Rg5+ 1/2-1/2

[Event "División de Honor Aragonesa 2019"]
[Site "?"]
[Date "2019.02.02"]
[Round "2.13"]
[White "Llanes Luno, Ricardo"]
[Black "Garza Marco, Sergio"]
[Result "1-0"]
[WhiteElo "2201"]
[BlackElo "2407"]
[PlyCount "107"]
[EventDate "2019.??.??"]
[EventType "team-tourn"]
[EventCountry "ESP"]
[WhiteTeam "Delicias"]
[BlackTeam "Helios"]

1. e4 e6 2. d4 d5 3. Nc3 Bb4 4. exd5 exd5 5. a3 Bxc3+ 6. bxc3 Ne7 7. Bd3 Nbc6
8. Ne2 Bf5 9. Rb1 b6 10. O-O O-O 11. Ba6 Na5 12. Ng3 Bg6 13. h4 h6 14. h5 Bh7
15. Bd3 Nc4 16. Qe2 Nd6 17. Bf4 Bxd3 18. cxd3 Re8 19. Qg4 Qc8 20. Qf3 Qd7 21.
Rfe1 Nb5 22. a4 Nd6 23. Re2 Rad8 24. Rbe1 Ndc8 25. Nf1 c5 26. dxc5 bxc5 27. a5
d4 28. c4 Qa4 29. Qb7 Rd7 30. Qb5 Qxb5 31. cxb5 Red8 32. Nd2 Nd5 33. Re8+ Kh7
34. Rxd8 Rxd8 35. Bb8 Nc3 36. b6 axb6 37. axb6 Nd5 38. b7 Ncb6 39. Ba7 Nd7 40.
Rb1 Nb4 41. Nc4 Nc6 42. Bb6 Re8 43. Nd6 Re7 44. Nc8 Re8 45. Bc7 Ndb8 46. Ra1
Nd7 47. Kf1 Ndb8 48. g3 g6 49. hxg6+ Kxg6 50. Ra8 c4 51. Nd6 Rf8 52. dxc4 Kf6
53. Nc8 Nd7 54. Ra6 1-0

[Event "División de Honor Aragonesa 2019"]
[Site "?"]
[Date "2019.02.02"]
[Round "2.15"]
[White "Llanes Luno, Pedro Alfredo"]
[Black "Aparicio Navarro, Pedro"]
[Result "1/2-1/2"]
[WhiteElo "2011"]
[BlackElo "2119"]
[PlyCount "42"]
[EventDate "2019.??.??"]
[EventType "team-tourn"]
[EventCountry "ESP"]
[WhiteTeam "Delicias"]
[BlackTeam "Helios"]

1. e4 c5 2. Nf3 Nc6 3. Nc3 g6 4. d4 cxd4 5. Nxd4 Bg7 6. Be3 Nf6 7. Bc4 O-O 8.
f3 d6 9. Qd2 Bd7 10. h4 Rc8 11. Bb3 Qa5 12. O-O-O h5 13. Kb1 Rfe8 14. Rhe1 Ne5
15. Bh6 Nc4 16. Bxc4 Rxc4 17. Bxg7 Kxg7 18. Nb3 Qc7 19. Qg5 Rc8 20. Nd4 Qc5 21.
Qxc5 R8xc5 1/2-1/2

[Event "División de Honor Aragonesa 2019"]
[Site "?"]
[Date "2019.02.02"]
[Round "2.16"]
[White "Flores Samperiz, Jorge"]
[Black "Fabre Perez, Jose Maria"]
[Result "1-0"]
[WhiteElo "1936"]
[BlackElo "1994"]
[PlyCount "81"]
[EventDate "2019.??.??"]
[EventType "team-tourn"]
[EventCountry "ESP"]
[WhiteTeam "Helios"]
[BlackTeam "Delicias"]

1. d4 Nf6 2. c4 g6 3. Nc3 Bg7 4. e4 d6 5. f3 O-O 6. Be3 c5 7. d5 a6 8. Qd2 Nbd7
9. Be2 b5 10. cxb5 Nb6 11. Rb1 Nfd7 12. a4 Ne5 13. b3 axb5 14. Bxb5 f5 15. Nge2
fxe4 16. f4 Ng4 17. h3 Nxe3 18. Qxe3 Bb7 19. Qxe4 e5 20. O-O exf4 21. Rxf4 Rxf4
22. Qxf4 Qe7 23. Qe4 Be5 24. Rf1 Bc8 25. Bc6 Bf5 26. Qf3 Rb8 27. a5 Nc8 28. g4
Bc2 29. Nb5 Na7 30. Nec3 Nxc6 31. dxc6 Bxb3 32. c7 Rc8 33. Nd5 Bxd5 34. Qxd5+
Kg7 35. a6 Bg3 36. Qf3 Be5 37. a7 d5 38. Qxd5 Bd4+ 39. Nxd4 Qe3+ 40. Kg2 Qd2+
41. Rf2 1-0

[Event "División de Honor Aragonesa 2019"]
[Site "?"]
[Date "2019.02.02"]
[Round "2.17"]
[White "Escuer Sanchez, Nestor"]
[Black "Cifuentes Parada, Roberto"]
[Result "1/2-1/2"]
[WhiteElo "2070"]
[BlackElo "2445"]
[PlyCount "51"]
[EventDate "2019.??.??"]
[EventType "team-tourn"]
[EventCountry "ESP"]
[WhiteTeam "Enroque"]
[BlackTeam "Jaque"]

1. d4 d6 2. c4 e5 3. Nf3 e4 4. Ng5 f5 5. Nc3 c6 6. g3 Be7 7. Nh3 Nd7 8. Bg2 Nb6
9. b3 d5 10. c5 Nd7 11. b4 Nf8 12. O-O Ne6 13. Nf4 Bf6 14. Nxe6 Bxe6 15. Bf4 g5
16. Bd6 Nh6 17. f4 g4 18. e3 Nf7 19. Be5 Nxe5 20. dxe5 Be7 21. Ne2 h5 22. Nd4
Kf7 23. Qc2 h4 24. Rfb1 hxg3 25. hxg3 a6 26. a4 1/2-1/2

[Event "División de Honor Aragonesa 2019"]
[Site "?"]
[Date "2019.02.02"]
[Round "2.18"]
[White "Gonzalez Gambau, Jorge"]
[Black "Sig Vargas, Pablo"]
[Result "1/2-1/2"]
[WhiteElo "2101"]
[BlackElo "1900"]
[PlyCount "50"]
[EventDate "2019.??.??"]
[EventType "team-tourn"]
[EventCountry "ESP"]
[WhiteTeam "Jaque"]
[BlackTeam "Enroque"]

1. e4 e5 2. Nf3 Nf6 3. Nc3 Nc6 4. g3 Bb4 5. Bg2 d6 6. d3 Bd7 7. O-O Qc8 8. Nd5
Nxd5 9. exd5 Ne7 10. c3 Ba5 11. d4 f6 12. b4 Bb6 13. c4 Bxd4 14. Nxd4 exd4 15.
Re1 Kf7 16. Qxd4 Ng6 17. c5 Bh3 18. cxd6 cxd6 19. Bf4 Bxg2 20. Kxg2 Qg4 21. Kf1
Nxf4 22. Qxf4 Qxf4 23. gxf4 Rhe8 24. Rac1 Rxe1+ 25. Rxe1 Re8 1/2-1/2

[Event "División de Honor Aragonesa 2019"]
[Site "?"]
[Date "2019.02.02"]
[Round "2.19"]
[White "Avellanas Pau, Miguel Angel"]
[Black "Eizaguerri Floris, Maria"]
[Result "0-1"]
[WhiteElo "1845"]
[BlackElo "2071"]
[PlyCount "54"]
[EventDate "2019.??.??"]
[EventType "team-tourn"]
[EventCountry "ESP"]
[WhiteTeam "Enroque"]
[BlackTeam "Jaque"]

1. e4 e6 2. d4 d5 3. Bd3 dxe4 4. Bxe4 Nf6 5. Bf3 c5 6. Ne2 Nc6 7. Be3 cxd4 8.
Nxd4 Ne5 9. O-O Be7 10. Nc3 O-O 11. Qe2 Nxf3+ 12. Qxf3 Bb4 13. Rad1 Qa5 14. Nb3
Qc7 15. Rd3 Bd7 16. Bg5 Bc6 17. Qh3 Bxc3 18. bxc3 Bb5 19. c4 Bxc4 20. Rf3 Ne4
21. Bh6 f5 22. Re1 gxh6 23. Qxh6 Rf6 24. Qh5 Rg6 25. Nd4 Qg7 26. g3 Qxd4 27.
Rf4 Qd2 0-1

[Event "División de Honor Aragonesa 2019"]
[Site "?"]
[Date "2019.02.02"]
[Round "2.20"]
[White "Ereza Vizcarra, Fernando"]
[Black "Campo Pelegrin, Ramon"]
[Result "1/2-1/2"]
[WhiteElo "2059"]
[BlackElo "1795"]
[PlyCount "90"]
[EventDate "2019.??.??"]
[EventType "team-tourn"]
[EventCountry "ESP"]
[WhiteTeam "Jaque"]
[BlackTeam "Enroque"]

1. d4 d5 2. c4 e6 3. Nc3 Nf6 4. Bg5 Be7 5. Nf3 Nbd7 6. e3 O-O 7. Bd3 dxc4 8.
Bxc4 c5 9. dxc5 Nxc5 10. Qxd8 Bxd8 11. Rd1 a6 12. b4 Ncd7 13. O-O b5 14. Be2
Be7 15. a3 Re8 16. e4 Bb7 17. e5 Nd5 18. Ne4 Bxg5 19. Nfxg5 Nxe5 20. f4 Ng6 21.
Nd6 Ndxf4 22. Bg4 Bxg2 23. Rf2 Rf8 24. Rxg2 Nxg2 25. Kxg2 Ne5 26. Be2 Rfd8 27.
Nge4 a5 28. Bxb5 axb4 29. a4 f5 30. Nc5 Nf7 31. Ncb7 Nxd6 32. Nxd8 Nxb5 33.
axb5 Rb8 34. Nxe6 Rxb5 35. Nd4 Rd5 36. Kf3 b3 37. Ke3 b2 38. Rb1 Re5+ 39. Kd3
f4 40. Rxb2 Re3+ 41. Kc4 g5 42. Nf5 Re5 43. Nd4 g4 44. Rf2 f3 45. Nxf3 gxf3
1/2-1/2

[Event "División de Honor Aragonesa 2019"]
[Site "?"]
[Date "2019.02.02"]
[Round "2.21"]
[White "Cid Royo, Jonathan"]
[Black "Gutierrez Mingueza, Ruben"]
[Result "1-0"]
[WhiteElo "2205"]
[BlackElo "2068"]
[PlyCount "71"]
[EventDate "2019.??.??"]
[EventType "team-tourn"]
[EventCountry "ESP"]
[WhiteTeam "L'Aurora Estadilla"]
[BlackTeam "San Jose"]

1. e4 c5 2. Nc3 Nc6 3. g3 g6 4. Bg2 Bg7 5. f4 d6 6. d3 e6 7. Nf3 Nge7 8. O-O
O-O 9. Be3 Nd4 10. Kh1 Nxf3 11. Qxf3 Nc6 12. g4 f5 13. gxf5 gxf5 14. Rae1 Bd7
15. Qe2 Nd4 16. Qd2 Kh8 17. Nd1 Rb8 18. c3 Nc6 19. Bg1 Qf6 20. Ne3 Ne7 21. Nc4
Nc8 22. Nxd6 Nxd6 23. e5 Qd8 24. exd6 Qb6 25. b4 Qxd6 26. Bxc5 Qc7 27. Bxf8
Rxf8 28. d4 Rc8 29. c4 Qxc4 30. Rc1 Qb5 31. Rxc8+ Bxc8 32. Qc3 Bd7 33. Qc7 h6
34. Qxb7 Qa4 35. d5 exd5 36. Qxd5 1-0

[Event "División de Honor Aragonesa 2019"]
[Site "?"]
[Date "2019.02.02"]
[Round "2.22"]
[White "Ferreruela Romero, Jose Joaquin"]
[Black "Cid Royo, Oscar"]
[Result "1-0"]
[WhiteElo "2033"]
[BlackElo "2042"]
[PlyCount "93"]
[EventDate "2019.??.??"]
[EventType "team-tourn"]
[EventCountry "ESP"]
[WhiteTeam "San Jose"]
[BlackTeam "L'Aurora Estadilla"]

1. d4 d5 2. c4 c6 3. Nf3 e6 4. g3 Nf6 5. Bg2 Bd6 6. O-O Nbd7 7. Qc2 b6 8. cxd5
cxd5 9. Qc6 Qc7 10. Qxa8 O-O 11. Bg5 Ba6 12. Qxf8+ Kxf8 13. Rc1 Qb8 14. Bxf6
Nxf6 15. Nc3 Bb4 16. Ne5 Qb7 17. Rc2 Ne8 18. Rac1 f6 19. Nd3 Bd6 20. Ne1 f5 21.
Nf3 Ke7 22. a4 Qd7 23. Ne5 Bxe5 24. dxe5 Bc4 25. e3 a6 26. Bf1 Bb3 27. Rd2 Qb7
28. Ne2 Bxa4 29. Nd4 Bd7 30. Rdc2 g5 31. Ra1 b5 32. b4 g4 33. Rca2 Nc7 34. Nb3
Qb6 35. Rc1 Na8 36. Be2 Nc7 37. h3 h5 38. hxg4 hxg4 39. Nd4 Ne8 40. Kg2 Kf7 41.
Rh1 Bc8 42. Rc2 Bb7 43. Rh6 Ng7 44. Rc1 Qd8 45. Rh7 Qb8 46. Rc7+ Qxc7 47. Rxg7+
1-0

[Event "División de Honor Aragonesa 2019"]
[Site "?"]
[Date "2019.02.02"]
[Round "2.23"]
[White "Felez Casedas, Carlos"]
[Black "Palomar Ramon, Santiago"]
[Result "1/2-1/2"]
[WhiteElo "1940"]
[BlackElo "1946"]
[PlyCount "80"]
[EventDate "2019.??.??"]
[EventType "team-tourn"]
[EventCountry "ESP"]
[WhiteTeam "L'Aurora Estadilla"]
[BlackTeam "San Jose"]

1. e4 c6 2. d3 d5 3. Nd2 e5 4. Ngf3 Nd7 5. c3 Ngf6 6. Be2 Bd6 7. O-O O-O 8. Qc2
Qe7 9. Re1 Nc5 10. Bf1 dxe4 11. Nxe4 Nfxe4 12. dxe4 Bg4 13. Nd2 b5 14. Nb3 a5
15. Nxc5 Bxc5 16. Be3 Rfd8 17. Bxc5 Qxc5 18. Be2 Bxe2 19. Qxe2 Rd6 20. Red1
Rad8 21. Kf1 Rxd1+ 22. Rxd1 Rxd1+ 23. Qxd1 Qc4+ 24. Kg1 g6 25. Qb1 a4 26. a3 c5
27. Qc2 Kf8 28. f3 Ke7 29. Qd2 h5 30. Qg5+ Ke6 31. Qd2 Qa2 32. h3 h4 33. Qd8
Qxb2 34. Qd5+ Kf6 35. Qd6+ Kg7 36. Qxe5+ Kh7 37. Qxc5 Qc1+ 38. Kh2 Qf4+ 39. Kg1
Qc1+ 40. Kh2 Qf4+ 1/2-1/2

[Event "División de Honor Aragonesa 2019"]
[Site "?"]
[Date "2019.02.02"]
[Round "2.24"]
[White "Urgel Varela, Fernando"]
[Black "Fuentes Espuna, Juan Antonio"]
[Result "0-1"]
[WhiteElo "1832"]
[BlackElo "1948"]
[PlyCount "86"]
[EventDate "2019.??.??"]
[EventType "team-tourn"]
[EventCountry "ESP"]
[WhiteTeam "San Jose"]
[BlackTeam "L'Aurora Estadilla"]

1. e4 c5 2. Nc3 Nc6 3. f4 a6 4. Nf3 d6 5. Bc4 e6 6. a4 Nge7 7. d4 cxd4 8. Nxd4
Nxd4 9. Qxd4 Nc6 10. Qf2 g6 11. Be3 Bg7 12. O-O O-O 13. Rfd1 Qe7 14. e5 d5 15.
Bc5 Qc7 16. Bxf8 Bxf8 17. Bb3 Na5 18. Qe2 Nxb3 19. cxb3 Qb6+ 20. Kh1 Qxb3 21.
Rdc1 Bd7 22. Rc2 Bh6 23. Ra3 Qb4 24. g3 Bc6 25. Na2 Qb6 26. a5 Qd8 27. Nb4 Bb5
28. Qe3 Bf8 29. Qd4 Bc4 30. Qd2 Rc8 31. Ra1 Bb5 32. Rxc8 Qxc8 33. Rc1 Qd8 34.
Nc2 d4 35. Kg2 Qd5+ 36. Kh3 Qf3 37. Qd1 Be2 38. Qg1 Qg4+ 39. Kg2 d3 40. Ne3
Qf3+ 41. Kh3 d2 42. Rc8 d1=Q 43. Nxd1 Bf1+ 0-1

[Event "División de Honor Aragonesa 2019"]
[Site "?"]
[Date "2019.02.02"]
[Round "2.25"]
[White "Romero Pallares, Daniel"]
[Black "Adla, Diego"]
[Result "1/2-1/2"]
[WhiteElo "2190"]
[BlackElo "2441"]
[PlyCount "48"]
[EventDate "2019.??.??"]
[EventType "team-tourn"]
[EventCountry "ESP"]
[WhiteTeam "Palacio de Pioneros A"]
[BlackTeam "St. Casablanca"]

1. e4 c5 2. Nf3 Nc6 3. Bb5 g6 4. Bxc6 dxc6 5. d3 Bg7 6. h3 Qc7 7. a4 Nf6 8. Nc3
Nh5 9. Be3 b6 10. Qd2 h6 11. O-O g5 12. a5 Rb8 13. axb6 axb6 14. e5 Bxe5 15.
Nxe5 Qxe5 16. d4 Qd6 17. Qd1 Qg6 18. dxc5 bxc5 19. Bxc5 g4 20. h4 O-O 21. b4
Re8 22. Ra7 e5 23. Qd6 Bf5 24. Re1 Rbd8 1/2-1/2

[Event "División de Honor Aragonesa 2019"]
[Site "?"]
[Date "2019.02.02"]
[Round "2.26"]
[White "Glavina, Pablo"]
[Black "Palacios Herrero, Pablo"]
[Result "1-0"]
[WhiteElo "2397"]
[BlackElo "2173"]
[PlyCount "159"]
[EventDate "2019.??.??"]
[EventType "team-tourn"]
[EventCountry "ESP"]
[WhiteTeam "St. Casablanca"]
[BlackTeam "Palacio de Pioneros A"]

1. c4 e6 2. Nf3 d5 3. e3 Nf6 4. b3 c5 5. Bb2 Nc6 6. cxd5 Nxd5 7. Bb5 Bd7 8. O-O
Nf6 9. Nc3 Be7 10. Rc1 O-O 11. Qe2 a6 12. Bd3 Rc8 13. Rfd1 Bd6 14. Ne4 Nxe4 15.
Bxe4 Qe7 16. d4 cxd4 17. exd4 f5 18. Bb1 Nb4 19. Rxc8 Rxc8 20. Rc1 Rxc1+ 21.
Bxc1 Bb5 22. Qe1 h6 23. a4 Bd3 24. Bxd3 Nxd3 25. Qe3 Nf4 26. g3 Nd5 27. Qe2 Kf7
28. Nd2 Nf6 29. Nc4 Qc7 30. a5 Ke7 31. Bd2 Qc6 32. Ne3 Kf8 33. Nc4 Bc7 34. f3
Qd5 35. Kg2 Kf7 36. Qd3 g5 37. Qc3 Kg6 38. Ne3 Qd7 39. Qc4 Nd5 40. Nc2 Bd8 41.
Kf2 Qc7 42. Na3 Bf6 43. Ke2 Qd7 44. Nc2 Kf7 45. Bb4 Nc7 46. Ne3 Kg6 47. Bc5 Qb5
48. Bb6 Nd5 49. Qxb5 Nc3+ 50. Kd3 Nxb5 51. d5 Kf7 52. Kc4 Ke7 53. Bc5+ Kd7 54.
b4 h5 55. h3 Be5 56. g4 fxg4 57. fxg4 hxg4 58. Nxg4 exd5+ 59. Kxd5 Bf4 60. Nf6+
Kd8 61. Ke6 Nc3 62. Kf5 Bd2 63. Bd4 Ne2 64. Bb6+ Ke7 65. Bc5+ Kf7 66. Ne4 Be1
67. Nd6+ Kg8 68. Nxb7 Nc3 69. Nd8 Bd2 70. Nc6 Nd5 71. Ne7+ Nxe7+ 72. Bxe7 Kf7
73. Bc5 Ke8 74. Ke6 Bf4 75. Bb6 Bb8 76. b5 axb5 77. a6 b4 78. a7 Bxa7 79. Bxa7
b3 80. Bd4 1-0

[Event "División de Honor Aragonesa 2019"]
[Site "?"]
[Date "2019.02.02"]
[Round "2.27"]
[White "Baquedano Coarasa, Pablo"]
[Black "Quintin Navarro, Alberto"]
[Result "0-1"]
[WhiteElo "2169"]
[BlackElo "2391"]
[PlyCount "154"]
[EventDate "2019.??.??"]
[EventType "team-tourn"]
[EventCountry "ESP"]
[WhiteTeam "Palacio de Pioneros A"]
[BlackTeam "St. Casablanca"]

1. d4 Nf6 2. Bf4 e6 3. e3 b6 4. Nf3 Bb7 5. Bd3 h6 6. h3 Bd6 7. Bxd6 cxd6 8. c4
O-O 9. O-O Ne4 10. Nfd2 f5 11. f3 Ng3 12. Re1 Nc6 13. Nf1 Qh4 14. Nxg3 Qxg3 15.
Nc3 Rf6 16. Kh1 Rg6 17. Bf1 e5 18. d5 Nd8 19. Qa4 Ne6 20. Qc2 Nc5 21. b4 Na6
22. a3 Rf8 23. Rad1 Nc7 24. Ne2 Qf2 25. Nd4 Qxc2 26. Nxc2 b5 27. cxb5 Rc8 28.
Bd3 Rf6 29. e4 fxe4 30. fxe4 Nxb5 31. Ne3 Nd4 32. Rc1 Rff8 33. Nc4 Nb3 34. Rb1
Ba6 35. Nxe5 dxe5 36. Bxa6 Rc3 37. d6 Nd4 38. Rf1 Rc6 39. Bb7 Rxf1+ 40. Rxf1
Rxd6 41. Bd5+ Kh7 42. a4 Ne2 43. Rd1 Kh8 44. Rd3 h5 45. b5 h4 46. Bc4 Ng3+ 47.
Kg1 Nxe4 48. Rxd6 Nxd6 49. Be2 Kg8 50. Bg4 Nb7 51. Kf2 Kf7 52. Bxd7 Nc5 53. Bc6
Nxa4 54. Kf3 Kf6 55. Ke4 Ke6 56. Bd5+ Kd6 57. Bc6 g6 58. Be8 Nc3+ 59. Kf3 e4+
60. Ke3 Ke5 61. Bxg6 Nd5+ 62. Kd2 Nf4 63. Be8 Nxg2 64. Bd7 Kd4 65. Bg4 Nf4 66.
Bf5 Nd5 67. Bg4 Ke5 68. Bd7 Kf4 69. Be6 Ne3 70. Ke2 Nf5 71. Bd7 Ng3+ 72. Ke1 e3
73. Bc6 Nf5 74. Bd7 Nd4 75. Be8 Ke4 76. Bc6+ Kd3 77. Bb7 Nc2+ 0-1

[Event "División de Honor Aragonesa 2019"]
[Site "?"]
[Date "2019.02.02"]
[Round "2.28"]
[White "Arjol Lopez, Daniel"]
[Black "Dan, Teodor"]
[Result "1-0"]
[WhiteElo "2167"]
[BlackElo "2064"]
[PlyCount "43"]
[EventDate "2019.??.??"]
[EventType "team-tourn"]
[EventCountry "ESP"]
[WhiteTeam "St. Casablanca"]
[BlackTeam "Palacio de Pioneros A"]

1. c4 Nf6 2. Nc3 g6 3. e4 d6 4. d4 Bg7 5. Nf3 O-O 6. Be2 e5 7. d5 a5 8. Bg5 h6
9. Be3 Ng4 10. Bd2 f5 11. h3 Nf6 12. exf5 gxf5 13. Qc1 f4 14. g3 e4 15. Nh4
fxg3 16. fxg3 h5 17. Bh6 Qe8 18. Qg5 Qf7 19. O-O Kh7 20. Nxe4 Nbd7 21. Bd3 Kg8
22. Nf5 1-0

[Event "División de Honor Aragonesa 2019"]
[Site "?"]
[Date "2019.02.02"]
[Round "2.29"]
[White "Garcia Fernandez, Javier"]
[Black "Abril Avellanas, Eduardo"]
[Result "1/2-1/2"]
[WhiteElo "2179"]
[BlackElo "2160"]
[PlyCount "0"]
[EventDate "2019.??.??"]
[EventType "team-tourn"]
[EventCountry "ESP"]
[WhiteTeam "Teruel"]
[BlackTeam "Atletismo Huesca"]

 1. e4 e6 2. d4 d5 3. Nc3 Nf6 4. e5 Nfd7 5. f4 c5 6. Nf3 Nc6 7. Be3 Be7 8. Qd2
O-O 9. Bd3 b6 10. Nd1 cxd4 11. Nxd4 Nxd4 12. Bxd4 Nc5 13. Nf2 f5 14. exf6 Bxf6
15. c3 Qd6 16. O-O e5 17. fxe5 Bxe5 18. Bxe5 Qxe5 19. Rfe1 Qf6 20. Bc2 Bb7 21.
b4 Ne4 22. Nxe4 dxe4 23. Bxe4 Bxe4 24. Rxe4 Rac8 25. Re3 Rfd8 26. Qe2 Rxc3 27.
Re8+ Rxe8 28. Qxe8+ Qf8 29. Qe6+ Qf7 30. Qd6 Rc8 31. a4 Rf8 32. h3 Qf2+ 33. Kh1
h6 34. Rd1 Qf4 1/2-1/2

[Event "División de Honor Aragonesa 2019"]
[Site "?"]
[Date "2019.02.02"]
[Round "2.30"]
[White "Salamero Pelay, Fernando"]
[Black "Dominguez Bujeda, Jesus"]
[Result "1/2-1/2"]
[WhiteElo "2099"]
[BlackElo "2062"]
[PlyCount "0"]
[EventDate "2019.??.??"]
[EventType "team-tourn"]
[EventCountry "ESP"]
[WhiteTeam "Atletismo Huesca"]
[BlackTeam "Teruel"]

1. e4 c5 2. c3 Nf6 3. e5 Nd5 4. d4 cxd4 5. Nf3 e6 6. cxd4 d6 7. Bd3 Nb4 8. Qa4+
N8c6 9. Bb5 Bd7 10. O-O dxe5 11. a3 Nd5 12. Nxe5 Nb6 13. Bxc6 Nxa4 14. Bxd7+
Ke7 15. d5 Nb6 16. d6+ Kf6 17. Bg5+ Kxe5 18. Re1+ Kf5 19. Bxd8 Rxd8 20. Bb5
Bxd6 21. Nc3 a6 22. Bd3+ Kf6 23. Rad1 g6 24. Be4 Rd7 25. Bxb7 Bxh2+ 26. Kxh2
Rxb7 27. Rd6 Rc8 28. Re4 Nc4 29. Rxa6 Nxb2 30. Re3 Kg7 31. Rf3 Rc4 32. Ne2 Na4
33. Rf4 Rxf4 34. Nxf4 Nc5 35. Ra5 Ne4 36. f3 Nc3 37. Ra8 Nd5 38. Nd3 Rb3 39.
Ne5 Re3 40. Nc4 Re2 41. Ra7 Nf4 42. Nd6 Rxg2+ 43. Kh1 Rd2 44. Rxf7+ Kg8 45.
Rxf4 Rxd6 46. a4 Rd2 47. Rf6 Rd6 48. Rf4 Rd2 49. Rf6 1/2-1/2

[Event "División de Honor Aragonesa 2019"]
[Site "?"]
[Date "2019.02.02"]
[Round "2.32"]
[White "Laplaza Ara, Carlos"]
[Black "Gomez Calomarde, Saul"]
[Result "1/2-1/2"]
[WhiteElo "1963"]
[BlackElo "2033"]
[PlyCount "0"]
[EventDate "2019.??.??"]
[EventType "team-tourn"]
[EventCountry "ESP"]
[WhiteTeam "Atletismo Huesca"]
[BlackTeam "Teruel"]

1. d4 Nf6 2. c4 c5 3. Nf3 cxd4 4. Nxd4 Nc6 5. Nc3 g6 6. e4 Bg7 7. Be3 d6 8. Be2
O-O 9. O-O Bd7 10. b3 Nxd4 11. Bxd4 Bc6 12. f3 Qa5 13. Nd5 Bxd5 14. exd5 Nd7
15. Bxg7 Kxg7 16. Qd4+ Kg8 17. f4 a6 18. a3 Rab8 19. b4 Qb6 20. Rfd1 Rfc8 21.
Rac1 Rc7 22. Qxb6 Nxb6 23. c5 dxc5 24. bxc5 Rbc8 25. d6 exd6 26. Rxd6 Na4 27.
c6 Rxc6 28. Rdxc6 Rxc6 29. Rxc6 bxc6 30. Bxa6 Kf8 31. Kf2 Ke7 32. Ke3 Kd6 33.
Kd4 Nb6 34. Bc4 f6 35. Bb3 c5+ 36. Kd3 Kc6 37. Bc4 Nc8 38. a4 Nd6 39. a5 Kb7
40. g4 g5 41. fxg5 fxg5 42. h3 h6 43. Kc3 Ne4+ 44. Kc2 Nd6 1/2-1/2

[Event "Campeonato Aragon Preferente 2019"]
[Site "?"]
[Date "2019.02.02"]
[Round "2.33"]
[White "Arpa Pardos, Emilio"]
[Black "Palacios Latasa, Elias"]
[Result "1/2-1/2"]
[WhiteElo "1900"]
[BlackElo "2216"]
[PlyCount "0"]
[EventDate "2019.??.??"]
[EventType "team-tourn"]
[EventRounds "9"]
[EventCountry "ESP"]
[WhiteTeam "Teruel B"]
[BlackTeam "Ibercaja B"]

 1. e4 e5 2. Nf3 Nc6 3. Bb5 g6 4. O-O Bg7 5. c3 Nge7 6. d4 exd4 7. cxd4 O-O 8.
Nc3 d6 9. h3 Bd7 10. Bg5 h6 11. Bh4 Qe8 12. Nd5 Nxd5 13. exd5 Ne5 14. Re1 Bxb5
15. dxe5 dxe5 16. Nxe5 Qc8 17. Qb3 Bxe5 18. Rxe5 Re8 19. Rae1 Rxe5 20. Rxe5 Ba6
21. Qe3 Kg7 22. Qd4 Kh7 23. Qf4 Qg8 24. Re7 Rf8 25. Qxc7 Qg7 26. Bg3 Qxb2 27.
Rxf7+ Rxf7 28. Qxf7+ Qg7 29. Qxg7+ Kxg7 30. Bb8 Kf7 31. Bxa7 Bc4 32. Be3 h5 33.
d6 Bxa2 34. Bc5 Ke6 35. Kh2 Bb1 36. Kg3 Be4 37. f3 Bd3 38. h4 Bf1 39. Kf2 Bb5
40. g4 Bd7 41. Kg3 Ke5 42. Ba3 b5 43. Bb4 Bc8 44. f4+ Ke4 45. f5 gxf5 46. gxh5
f4+ 47. Kf2 Kf5 48. h6 Kg6 49. Kf3 Kxh6 50. Kxf4 Kh5 51. Be1 b4 52. Ke4 b3 53.
Kd3 Kg4 54. Kc3 Be6 55. Kb2 Kh5 56. Ka3 Kg4 1/2-1/2